Le théâtre de la foire au XVIIIe siècle / (Record no. 140723)

MARC details
000 -LEADER
campo de control de longitud fija 00737nam a2200241 i 4500
001 - NÚMERO DE CONTROL
campo de control 140723
003 - IDENTIFICADOR DE NÚMERO DE CONTROL
campo de control ES-MaACL
005 - FECHA Y HORA DE LA ÚLTIMA TRANSACCIÓN
campo de control 20250824031327.0
007 - CAMPO FIJO DE DESCRIPCIÓN FÍSICA--INFORMACIÓN GENERAL
campo de control de longitud fija t|
008 - DATOS DE LONGITUD FIJA--INFORMACIÓN GENERAL
campo de control de longitud fija 070917s1983 fr ||||1| fre d
020 ## - NÚMERO INTERNACIONAL ESTÁNDAR DEL LIBRO
Número Internacional Estándar del Libro 2-264-00554-8
080 ## - NÚMERO DE LA CLASIFICACIÓN DECIMAL UNIVERSAL
Número de la Clasificación Decimal Universal 792(44)"17"
100 1# - ENTRADA PRINCIPAL--NOMBRE DE PERSONA
Nombre de persona Lurcel, Dominique.
9 (RLIN) 74843
245 13 - MENCIÓN DEL TÍTULO
Título Le théâtre de la foire au XVIIIe siècle /
Mención de responsabilidad, etc. par Dominique Lurcel.
260 ## - PUBLICACIÓN, DISTRIBUCIÓN, ETC.
Lugar de publicación, distribución, etc. Paris :
Nombre del editor, distribuidor, etc. Union Générale d'Editions,
Fecha de publicación, distribución, etc. [1983]
300 ## - DESCRIPCIÓN FÍSICA
Extensión 477 p. ;
Dimensiones 18 cm.
490 1# - MENCIÓN DE SERIE
Mención de serie 10/18 ;
Designación de volumen o secuencia 1597
500 ## - NOTA GENERAL
Nota general Biblioteca Jacinto Martínez Lacalle.
650 14 - PUNTO DE ACCESO ADICIONAL DE MATERIA--TÉRMINO DE MATERIA
Término de materia o nombre geográfico como elemento de entrada Teatro-
Subdivisión geográfica Francia-
Subdivisión cronológica S.XVIII
9 (RLIN) 17309
830 0# - PUNTO DE ACCESO ADICIONAL DE SERIE-TÍTULO UNIFORME
Título uniforme 10/18
Designación de volumen o secuencia 1597
9 (RLIN) 187194
852 ## - LOCALIZACIÓN
Ubicación ES-MaACL
Número de control de estantería E-12149
Sublocalización o colección R.140039
Holdings
Estatus retirado Estado de pérdida Estado de daño No para préstamo Biblioteca de origen Biblioteca actual Ubicación en estantería Fecha de adquisición Fuente de adquisición Total de préstamos Signatura topográfica completa Código de barras Visto por última vez Precio de reemplazo Tipo de ítem Koha
        Biblioteca del Ateneo de Madrid Biblioteca del Ateneo de Madrid Depósito 2 17/01/2008     E-12149 1146437 23/02/2023 23/02/2023 Libro impreso